| 000 | 00549nam a22002057a 4500 | ||
|---|---|---|---|
| 003 | OSt | ||
| 005 | 20220107122734.0 | ||
| 008 | 140411b xxu||||| |||| 00| 0 eng d | ||
| 020 | _a9788131733110 | ||
| 040 | _cIIITM-K | ||
| 082 | _a005.133J PAN/J | ||
| 100 |
_aPandey, Hari Mohan _93897 |
||
| 245 |
_aJava programming _cby Hari Mohan Pandey |
||
| 260 |
_aNew Delhi, _bPearson, _c2012. |
||
| 300 | _axix, 866p. | ||
| 650 |
_aCOMPUTER SCIENCE _93898 |
||
| 650 |
_aPROGRAMMING LANGUAGES _93899 |
||
| 650 |
_aJAVA PROGRAMMING _93900 |
||
| 942 |
_2ddc _cBK |
||
| 999 |
_c3786 _d3786 |
||